[Event "ARG-ch sf 92nd"]
[Site "Buenos Aires"]
[Date "2017.07.17"]
[Round "9.11"]
[White "Zapata Charles, Santiago"]
[Black "Calderon Fernandez, Gervasio"]
[Result "1/2-1/2"]
[WhiteElo "2339"]
[BlackElo "2277"]
[PlyCount "95"]
[EventDate "2017.07.10"]
[EventType "swiss"]
[EventRounds "9"]
[EventCountry "ARG"]
[SourceTitle "EXT 2018"]
[Source "ChessBase"]
[SourceDate "2017.10.13"]
[SourceVersion "1"]
[SourceVersionDate "2017.10.13"]
[SourceQuality "1"]

1. e4 c5 2. Nf3 d6 3. d4 cxd4 4. Nxd4 Nf6 5. Nc3 a6 6. h3 e6 7. g4 d5 8. Nde2 Bb4 9. exd5 Qxd5 10. Qxd5 Nxd5 11. Bg2 Bd7 12. Bxd5 exd5 13. 0-0 Bxc3 14. Nxc3 Be6 15. Rd1 Nc6 16. Nxd5 0-0-0 17. c4 b5 18. Be3 bxc4 19. Nb6+ Kc7 20. Na4 Rxd1+ 21. Rxd1 h5 22. Nc5 Bc8 23. g5 Rd8 24. Rc1 Ne5 25. Kg2 Nd3 26. Nxd3 Rxd3 27. Rxc4+ Kb7 28. Rb4+ Kc7 29. Rc4+ Kb7 30. a4 Be6 31. Rb4+ Kc7 32. Rh4 g6 33. b4 Kc6 34. Rf4 Rc3 35. Rf6 Rb3 36. Bc5 Kd7 37. h4 Ra3 38. a5 Rc3 39. f4 Rd3 40. f5 gxf5 41. Rh6 f4 42. Rxh5 Bd5+ 43. Kf2 f3 44. g6 fxg6 45. Re5 Kc6 46. Rg5 Rd2+ 47. Kf1 Rg2 48. Rxg2 1/2-1/2

[Event "ARG-ch sf 92nd"]
[Site "Buenos Aires"]
[Date "2017.07.15"]
[Round "7"]
[White "Lopez, Ricardo"]
[Black "Calderon Fernandez, Gervasio"]
[Result "0-1"]
[WhiteElo "1991"]
[BlackElo "2277"]
[PlyCount "98"]
[EventDate "2017.07.10"]
[EventType "swiss"]
[EventRounds "9"]
[EventCountry "ARG"]
[SourceTitle "EXT 2018"]
[Source "ChessBase"]
[SourceDate "2017.10.13"]
[SourceVersion "1"]
[SourceVersionDate "2017.10.13"]
[SourceQuality "1"]

1. d4 Nf6 2. c4 e6 3. Nf3 Bb4+ 4. Bd2 Qe7 5. g3 Bxd2+ 6. Nbxd2 d6 7. Bg2 e5 8. e4 0-0 9. d5 Na6 10. 0-0 Nc5 11. Qc2 a5 12. Ne1 Nfd7 13. Nd3 Nxd3 14. Qxd3 Nc5 15. Qe2 f5 16. exf5 Bxf5 17. Ne4 Bxe4 18. Bxe4 Qg5 19. h4 Qh6 20. Rae1 Rf6 21. Qe3 Qh5 22. Qe2 Qf7 23. Qd2 Rf8 24. Qc2 h6 25. Re2 g5 26. hxg5 hxg5 27. f3 g4 28. Ref2 Qg7 29. Kg2 Qg5 30. fxg4 Rxf2+ 31. Rxf2 Rxf2+ 32. Kxf2 Qxg4 33. Bf3 Qd4+ 34. Kg2 Nd3 35. Kf1 e4 36. Bg2 Qe3 37. Bh3 Qf3+ 38. Kg1 Qxg3+ 39. Qg2 Qxg2+ 40. Kxg2 Nxb2 41. Bc8 b6 42. Ba6 Kg7 43. Kg3 Kf6 44. Kf4 Nd3+ 45. Ke3 Ke5 46. Bb5 Nb4 47. a3 Nc2+ 48. Kd2 Nxa3 49. Ba6 Kd4 0-1

[Event "ARG-chT"]
[Site "Villa Martelli"]
[Date "2016.10.15"]
[Round "4.2"]
[White "Alonso, Salvador"]
[Black "Calderon Fernandez, Gervasio"]
[Result "1-0"]
[WhiteElo "2512"]
[BlackElo "2303"]
[PlyCount "89"]
[EventDate "2016.09.24"]
[EventType "team-swiss"]
[EventRounds "9"]
[EventCountry "ARG"]
[SourceTitle "EXT 2018"]
[Source "ChessBase"]
[SourceDate "2017.10.13"]
[SourceVersion "1"]
[SourceVersionDate "2017.10.13"]
[SourceQuality "1"]
[WhiteTeam "Obras AySa"]
[BlackTeam "Centro Univ Vicente Lopez"]
[WhiteTeamCountry "ARG"]
[BlackTeamCountry "ARG"]

1. e4 c5 2. Nf3 d6 3. d4 cxd4 4. Nxd4 Nf6 5. Nc3 a6 6. h3 e6 7. g4 d5 8. Nde2 Bb4 9. exd5 Qxd5 10. Qxd5 Nxd5 11. Bg2 Nxc3 12. Nxc3 Bxc3+ 13. bxc3 Nd7 14. Rb1 Rb8 15. Bf4 e5 16. Be3 b6 17. c4 Kd8 18. 0-0 Bb7 19. Bxb6+ Nxb6 20. Rxb6 Kc7 21. Rfb1 Bxg2 22. Rxb8 Rxb8 23. Rxb8 Kxb8 24. Kxg2 Kc7 25. Kf3 Kd6 26. Ke4 a5 27. c5+ Kxc5 28. Kxe5 a4 29. a3 g5 30. Ke4 Kc4 31. Ke5 Kc3 32. Kd5 Kxc2 33. Kc4 Kd2 34. Kb4 Ke2 35. Kxa4 Kxf2 36. Kb4 Kg3 37. a4 Kxh3 38. a5 Kxg4 39. a6 h5 40. a7 h4 41. a8Q h3 42. Kc3 Kg3 43. Kd2 Kf2 44. Qa7+ Kg2 45. Ke2 1-0

[Event "Buenos Aires Guimard Memorial 4th"]
[Site "Buenos Aires"]
[Date "2016.10.10"]
[Round "7"]
[White "Calderon Fernandez, Gervasio"]
[Black "Avila, Pablo"]
[Result "1-0"]
[WhiteElo "2303"]
[BlackElo "1930"]
[PlyCount "29"]
[EventDate "2016.10.08"]
[EventType "swiss"]
[EventRounds "7"]
[EventCountry "ARG"]
[SourceTitle "CBM 175 Extra"]
[Source "ChessBase"]
[SourceDate "2016.12.12"]
[SourceVersion "1"]
[SourceVersionDate "2016.12.12"]
[SourceQuality "1"]

1. d4 Nf6 2. c4 c5 3. d5 b5 4. cxb5 a6 5. f3 d6 6. e4 Nbd7 7. Na3 g6 8. Ne2 Bg7 9. Nc3 0-0 10. Be2 Nb6 11. 0-0 e6 12. dxe6 fxe6 13. Be3 Ne8 14. Bxc5 Qc7 15. Bd4 1-0

[Event "Mar del Plata op 40th"]
[Site "Mar del Plata"]
[Date "2009.04.09"]
[Round "6"]
[White "Cejas, Jose Angel"]
[Black "Calderon Fernandez, Gervasio"]
[Result "0-1"]
[WhiteElo "2336"]
[BlackElo "2302"]
[PlyCount "74"]
[EventDate "2009.04.05"]
[EventType "swiss"]
[EventRounds "9"]
[EventCountry "ARG"]
[SourceTitle "CBM 129 Extra"]
[Source "ChessBase"]
[SourceDate "2009.05.05"]
[SourceVersion "2"]
[SourceVersionDate "2009.05.20"]
[SourceQuality "1"]

1. d4 Nf6 2. Nf3 g6 3. Nc3 d5 4. Bg5 Bg7 5. e3 0-0 6. Be2 Bf5 7. 0-0 c6 8. Ne5 Nbd7 9. f4 Nxe5 10. fxe5 Ne4 11. Nxe4 Bxe4 12. Bd3 Bxd3 13. Qxd3 f6 14. exf6 exf6 15. Bh4 Qd7 16. Rf3 Rae8 17. Raf1 f5 18. Bg3 Re4 19. Qd2 Rfe8 20. Bf4 Qe7 21. Qf2 g5 22. Be5 Bxe5 23. dxe5 Rxe5 24. Rxf5 Rxf5 25. Qxf5 Qxe3+ 26. Kh1 Qe7 27. Qg4 Rf8 28. Rxf8+ Kxf8 29. Qg3 Kf7 30. h3 h5 31. c3 a6 32. Qf2+ Kg6 33. Qd4 Qe4 34. Qb6 g4 35. hxg4 hxg4 36. Qxb7 g3 37. Qxc6+ Kg5 0-1

[Event "Mar del Plata op 40th"]
[Site "Mar del Plata"]
[Date "2009.04.06"]
[Round "3"]
[White "Bianchi, Albino Angel"]
[Black "Calderon Fernandez, Gervasio"]
[Result "0-1"]
[WhiteElo "2102"]
[BlackElo "2302"]
[PlyCount "100"]
[EventDate "2009.04.05"]
[EventType "swiss"]
[EventRounds "9"]
[EventCountry "ARG"]
[SourceTitle "CBM 129 Extra"]
[Source "ChessBase"]
[SourceDate "2009.05.05"]
[SourceVersion "2"]
[SourceVersionDate "2009.05.20"]
[SourceQuality "1"]

1. e4 c5 2. Nf3 d6 3. d4 cxd4 4. Nxd4 Nf6 5. Nc3 a6 6. f4 e5 7. Nf3 Nbd7 8. Bd3 Be7 9. 0-0 0-0 10. a4 Nc5 11. Qe2 exf4 12. Bxf4 Bg4 13. Bc4 Qb6 14. Be3 Qxb2 15. Bd4 Qb6 16. e5 Bxf3 17. Rxf3 dxe5 18. Qxe5 Ncd7 19. Qf4 Qxd4+ 20. Qxd4 Bc5 21. Qxc5 Nxc5 22. Nd5 Nxd5 23. Bxd5 Rad8 24. c4 Rd7 25. a5 Re8 26. Rb1 Ree7 27. Rbf1 Kf8 28. Rh3 h6 29. Rg3 Re5 30. Rgf3 f6 31. Rb1 Ke7 32. h4 Kd8 33. Kf1 Kc7 34. Re1 Rde7 35. Rxe5 Rxe5 36. Rg3 Re7 37. Ra3 b6 38. axb6+ Kxb6 39. Ra1 Nd3 40. g3 a5 41. Bf3 Re3 42. Be2 Nc5 43. Kf2 Rb3 44. Bf3 a4 45. Bd1 Rb4 46. Be2 Ka5 47. Rd1 a3 48. Rd8 a2 49. Ra8+ Na6 50. c5 Rb5 0-1

[Event "Villa Ballester de Invierno op 8th"]
[Site "Villa Ballester"]
[Date "2008.08.23"]
[Round "6"]
[White "Calderon Fernandez, Gervasio"]
[Black "Pineiro, Dario"]
[Result "1-0"]
[WhiteElo "2303"]
[BlackElo "1927"]
[PlyCount "125"]
[EventDate "2008.08.16"]
[EventType "swiss"]
[EventRounds "7"]
[EventCountry "ARG"]
[SourceTitle "CBM 126 Extra"]
[Source "ChessBase"]
[SourceDate "2008.11.05"]
[SourceVersion "1"]
[SourceVersionDate "2008.11.05"]
[SourceQuality "1"]

1. d4 Nf6 2. c4 g6 3. Nc3 Bg7 4. e4 d6 5. Nf3 0-0 6. Be2 e5 7. 0-0 Nc6 8. Be3 h6 9. dxe5 dxe5 10. Qxd8 Rxd8 11. Rad1 Bg4 12. Rxd8+ Rxd8 13. Rd1 Nd4 14. Bxd4 exd4 15. Rxd4 Nd7 16. Rd1 Bxc3 17. bxc3 Re8 18. h3 Bxf3 19. Bxf3 Nc5 20. Rd4 c6 21. g3 Re7 22. Bg2 Na4 23. Rd3 Nb2 24. Rd2 Nxc4 25. Rd4 Nb6 26. f4 Rd7 27. Rxd7 Nxd7 28. Kf2 Kf8 29. Ke3 Ke7 30. h4 h5 31. e5 Nc5 32. Bf3 f5 33. Kd4 Ne6+ 34. Kc4 Nc7 35. a4 Kd7 36. a5 b6 37. axb6 axb6 38. Bg2 Ne6 39. Kd3 Nc5+ 40. Ke3 Ne6 41. Bf1 Nc5 42. Bc4 Ne6 43. Ba2 Ke7 44. Kd3 Nc5+ 45. Kd4 Ne6+ 46. Ke3 Kd7 47. Bb1 Nc5 48. g4 Ke6 49. gxf5+ gxf5 50. Bc2 Nd7 51. Bd1 b5 52. Bxh5 c5 53. Be8 Nb6 54. Bxb5 Nd5+ 55. Kf3 Nxc3 56. Bc4+ Ke7 57. h5 Kf8 58. h6 Ne4 59. Kg2 Nd2 60. e6 Nxc4 61. e7+ Kxe7 62. h7 Ne3+ 63. Kf3 1-0

[Event "ARG-ch sf 83rd"]
[Site "Buenos Aires"]
[Date "2008.07.28"]
[Round "9"]
[White "Gallego, Gonzalo"]
[Black "Calderon Fernandez, Gervasio"]
[Result "0-1"]
[WhiteElo "2070"]
[BlackElo "2303"]
[PlyCount "50"]
[EventDate "2008.07.21"]
[EventType "swiss"]
[EventRounds "9"]
[EventCountry "ARG"]
[SourceTitle "CBM 125 Extra"]
[Source "ChessBase"]
[SourceDate "2008.09.01"]
[SourceVersion "1"]
[SourceVersionDate "2008.09.01"]
[SourceQuality "1"]

1. e4 c5 2. Nf3 d6 3. Bb5+ Bd7 4. Bxd7+ Qxd7 5. c4 Nc6 6. Nc3 g6 7. d4 cxd4 8. Nxd4 Bg7 9. Nde2 Nf6 10. f3 0-0 11. 0-0 Qd8 12. Be3 Qa5 13. Qd2 a6 14. Nd4 Nxd4 15. Bxd4 Rfc8 16. Qd3 Qb4 17. Bxf6 Bxf6 18. Nd5 Qxb2 19. Rfd1 b5 20. cxb5 Rc2 21. Ne3 Rc3 22. Qd5 Rac8 23. Rab1 Qe2 24. Nf1 axb5 25. Rd2 Qc4 0-1

[Event "ARG-ch sf 83rd"]
[Site "Buenos Aires"]
[Date "2008.07.24"]
[Round "4"]
[White "Perelman, Hernan"]
[Black "Calderon Fernandez, Gervasio"]
[Result "1/2-1/2"]
[WhiteElo "2360"]
[BlackElo "2303"]
[PlyCount "121"]
[EventDate "2008.07.21"]
[EventType "swiss"]
[EventRounds "9"]
[EventCountry "ARG"]
[SourceTitle "CBM 125 Extra"]
[Source "ChessBase"]
[SourceDate "2008.09.01"]
[SourceVersion "1"]
[SourceVersionDate "2008.09.01"]
[SourceQuality "1"]

1. d4 d5 2. Nf3 Nf6 3. c4 c6 4. Qc2 dxc4 5. Qxc4 Bf5 6. g3 Nbd7 7. Nc3 e6 8. Bg2 Be7 9. 0-0 0-0 10. Re1 Bg6 11. e4 Rc8 12. Qb3 Qb6 13. h3 Qxb3 14. axb3 a6 15. Nh4 Ne8 16. f4 Bxh4 17. gxh4 f6 18. Be3 Nd6 19. Rad1 f5 20. d5 exd5 21. Nxd5 cxd5 22. Rxd5 fxe4 23. Rxd6 Nf6 24. Bd4 Rfd8 25. Rxd8+ Rxd8 26. Be5 b5 27. Ra1 e3 28. Re1 Rd3 29. Bc3 Bh5 30. Bf1 e2 31. Bxe2 Bxe2 32. Rxe2 Nd5 33. Be5 Kf7 34. Kh2 g6 35. h5 Rf3 36. hxg6+ hxg6 37. Re4 Rxb3 38. Re2 Rb4 39. Kg3 a5 40. Rc2 Rc4 41. Re2 a4 42. Kg4 b4 43. Kg5 b3 44. Rd2 Ke6 45. h4 Rc2 46. Rd4 Rxb2 47. Rxa4 Rg2+ 48. Kh6 b2 49. Bxb2 Rxb2 50. Kxg6 Ne7+ 51. Kh5 Rg2 52. Re4+ Kf6 53. Ra4 Ng8 54. Ra5 Kg7 55. Ra7+ Kh8 56. Rf7 Rg3 57. f5 Rg1 58. f6 Rg2 59. Rf8 Kh7 60. Rf7+ Kh8 61. Rf8 1/2-1/2

[Event "Berazategui Cup 3rd"]
[Site "Berazategui"]
[Date "2008.05.06"]
[Round "7"]
[White "Calderon Fernandez, Gervasio"]
[Black "Barrionuevo, Pablo"]
[Result "0-1"]
[WhiteElo "2281"]
[BlackElo "2401"]
[PlyCount "60"]
[EventDate "2008.05.01"]
[EventType "swiss"]
[EventRounds "9"]
[EventCountry "ARG"]
[SourceTitle "CBM 124 Extra"]
[Source "ChessBase"]
[SourceDate "2008.07.03"]
[SourceVersion "1"]
[SourceVersionDate "2008.07.03"]
[SourceQuality "1"]

1. d4 Nf6 2. c4 c5 3. d5 b5 4. cxb5 a6 5. f3 e6 6. e4 exd5 7. e5 Qe7 8. Qe2 Ng8 9. Nh3 c4 10. Nc3 Bb7 11. Nf4 Qc5 12. Nfxd5 Bxd5 13. Be3 Qb4 14. 0-0-0 Be6 15. g4 axb5 16. f4 g6 17. f5 gxf5 18. gxf5 Bxf5 19. Qf3 Ra3 20. Bg5 Ne7 21. bxa3 Qxa3+ 22. Kd2 b4 23. Bxe7 bxc3+ 24. Ke1 Bxe7 25. Qxf5 Bh4+ 26. Ke2 Qb2+ 27. Kf3 c2 28. Bxc4 cxd1Q+ 29. Rxd1 Qf2+ 30. Ke4 Qc2+ 0-1

[Event "Berazategui Cup 3rd"]
[Site "Berazategui"]
[Date "2008.05.03"]
[Round "4"]
[White "Alonso, Salvador"]
[Black "Calderon Fernandez, Gervasio"]
[Result "1/2-1/2"]
[WhiteElo "2420"]
[BlackElo "2281"]
[PlyCount "78"]
[EventDate "2008.05.01"]
[EventType "swiss"]
[EventRounds "9"]
[EventCountry "ARG"]
[SourceTitle "CBM 124 Extra"]
[Source "ChessBase"]
[SourceDate "2008.07.03"]
[SourceVersion "1"]
[SourceVersionDate "2008.07.03"]
[SourceQuality "1"]

1. e4 c5 2. Nf3 d6 3. d4 cxd4 4. Nxd4 Nf6 5. Nc3 a6 6. Be2 e5 7. Nb3 Be7 8. Bg5 Nbd7 9. a4 h6 10. Bxf6 Nxf6 11. Bc4 Be6 12. Qd3 Rc8 13. Nd2 Qc7 14. Bb3 Qc5 15. 0-0 Qd4 16. Qe2 Bg4 17. Nf3 Qb4 18. a5 0-0 19. Ra4 Qc5 20. h3 Bd7 21. Ra2 Qb4 22. Re1 Rc5 23. Nd5 Nxd5 24. Bxd5 Rxa5 25. c3 Qb6 26. Rxa5 Qxa5 27. Bxb7 Bb5 28. Qc2 Bc4 29. Nd2 Be6 30. Qd3 Qa2 31. Bxa6 Qxb2 32. Nc4 Qa2 33. Ne3 Bg5 34. Bc4 Qa3 35. Nd5 Qc5 36. Rb1 Kh8 37. Rb5 Qa7 38. Nb6 Rb8 39. Nd5 Rf8 1/2-1/2

[Event "LNA Puma Cup"]
[Site "Argentina"]
[Date "2007.08.18"]
[Round "2"]
[White "Calderon Fernandez, Gervasio"]
[Black "Della Morte, German"]
[Result "1/2-1/2"]
[WhiteElo "2267"]
[BlackElo "2345"]
[PlyCount "105"]
[EventDate "2007.08.11"]
[EventType "team"]
[EventRounds "9"]
[EventCountry "ARG"]
[SourceTitle "CBM 120 Extra"]
[Source "ChessBase"]
[SourceDate "2007.11.01"]
[SourceVersion "1"]
[SourceVersionDate "2007.11.01"]
[SourceQuality "1"]

1. e4 e5 2. Nf3 Nc6 3. Bb5 a6 4. Bxc6 dxc6 5. 0-0 Bg4 6. h3 h5 7. d3 Qf6 8. Nbd2 Ne7 9. Re1 Ng6 10. d4 Bd7 11. Nc4 exd4 12. e5 Qe6 13. Nd6+ cxd6 14. exd6 0-0-0 15. Rxe6 Bxe6 16. Nxd4 Rxd6 17. b4 Be7 18. Be3 Bf6 19. c3 Bc4 20. Qc2 Rd5 21. a4 Ne5 22. f4 Nd7 23. Qe4 Bxd4 24. Bxd4 Rd6 25. Bxg7 Bd5 26. Qd4 Re8 27. Rd1 Rg6 28. c4 Rxg2+ 29. Kf1 Re4 30. cxd5 Rxd4 31. Bxd4 Rg6 32. dxc6 Rxc6 33. Rd3 Rc4 34. Rc3 Rxc3 35. Bxc3 Nb6 36. Kf2 Nxa4 37. Bd4 Kd7 38. Kg3 Ke6 39. Kh4 Kf5 40. Kxh5 Kxf4 41. h4 b6 42. Kh6 Kg4 43. Kg7 f5 44. Kg6 Kxh4 45. Kxf5 Kg3 46. Ke4 Kg4 47. Kd5 Kf5 48. Kc6 b5 49. Kb7 Ke4 50. Ba1 Kd5 51. Kxa6 Kc4 52. Ka5 Nc5 53. bxc5 1/2-1/2

[Event "Buenos Aires Cup Legislatura 2nd"]
[Site "Buenos Aires"]
[Date "2006.12.??"]
[Round "8"]
[White "Van Riemsdijk, Herman Claudius"]
[Black "Calderon Fernandez, Gervasio"]
[Result "1-0"]
[WhiteElo "2381"]
[BlackElo "2253"]
[PlyCount "133"]
[EventDate "2006.12.14"]
[EventType "swiss"]
[EventRounds "11"]
[EventCountry "ARG"]
[SourceTitle "EXT 2024"]
[Source "ChessBase"]
[SourceDate "2023.10.10"]
[SourceVersion "1"]
[SourceVersionDate "2023.10.10"]
[SourceQuality "1"]

1. e4 c6 2. d4 d5 3. Nc3 g6 4. Nf3 Bg7 5. h3 dxe4 6. Nxe4 Nd7 7. Bd3 Ngf6 8. 0-0 0-0 9. Re1 Nxe4 10. Bxe4 e5 11. c3 exd4 12. Nxd4 Nc5 13. Bf3 Ne6 14. Nb3 Qc7 15. Be3 Rd8 16. Qc2 Nf4 17. Nd4 Ne6 18. Ne2 b6 19. Nd4 Nxd4 20. cxd4 Be6 21. Qxc6 Qxc6 22. Bxc6 Rac8 23. Bb7 Rc7 24. Ba6 Bxd4 25. Rad1 Rcd7 26. Bc8 Rd6 27. Rxd4 Rxd4 28. Bxd4 Rxd4 29. Bxe6 fxe6 30. Rxe6 Rd1+ 31. Kh2 Rd2 32. Re8+ Kf7 33. Ra8 a5 34. Ra7+ Kg8 35. b4 axb4 36. f3 b3 37. axb3 Rb2 38. Ra3 Kg7 39. Kg3 b5 40. h4 h6 41. Kh3 b4 42. Ra7+ Kf6 43. Ra6+ Kg7 44. Rb6 Rxb3 45. Kg4 Rb2 46. g3 Rb3 47. Kf4 Kf7 48. h5 g5+ 49. Kg4 Kg7 50. Rb7+ Kg8 51. Kf5 Rxf3+ 52. Kg6 Kf8 53. Kxh6 Rxg3 54. Kg6 Rc3 55. Rb8+ Ke7 56. h6 Rc6+ 57. Kg7 Rc7 58. Rxb4 Ke8+ 59. Kg8 Ke7 60. Kg7 Ke8+ 61. Kg6 Rc6+ 62. Kg7 Rc7+ 63. Kg8 Ke7 64. h7 Rc8+ 65. Kg7 Ke6 66. Kg6 Rf8 67. Re4+ 1-0

[Event "Banfield FAGSBA op"]
[Site "Banfield"]
[Date "2004.04.??"]
[Round "4"]
[White "Calderon Fernandez, Gervasio"]
[Black "Nedilsky, Diego"]
[Result "0-1"]
[WhiteElo "2250"]
[BlackElo "2325"]
[PlyCount "70"]
[EventDate "2004.04.22"]
[EventType "swiss"]
[EventRounds "7"]
[EventCountry "ARG"]
[SourceTitle "CBM 100 Extra"]
[Source "ChessBase"]
[SourceDate "2004.07.06"]
[SourceVersion "2"]
[SourceVersionDate "2004.07.06"]
[SourceQuality "1"]

1. e4 c5 2. Nf3 g6 3. d4 cxd4 4. Nxd4 Bg7 5. c4 Nf6 6. Nc3 Nc6 7. Be3 Ng4 8. Qxg4 Nxd4 9. Qd1 Ne6 10. Qd2 Qa5 11. Be2 b6 12. 0-0 Bxc3 13. bxc3 Bb7 14. f3 Rc8 15. Rad1 d6 16. Bd3 Ba6 17. f4 f6 18. e5 dxe5 19. f5 Nf8 20. Bh6 Bxc4 21. Bxf8 Rxf8 22. fxg6 Qc5+ 23. Kh1 Bxd3 24. Qxd3 hxg6 25. Qxg6+ Rf7 26. Rf3 Rc6 27. Rh3 Rd6 28. Rh8+ Kd7 29. Rxd6+ Qxd6 30. h4 Qd5 31. Qg8 Kd6 32. Qb8+ Ke6 33. Qc8+ Qd7 34. Qc4+ Qd5 35. Qc8+ Qd7 0-1

[Event "Banfield FAGSBA op"]
[Site "Banfield"]
[Date "2004.??.??"]
[Round "5"]
[White "Lemos, Damian"]
[Black "Calderon Fernandez, Gervasio"]
[Result "1/2-1/2"]
[WhiteElo "2218"]
[BlackElo "2250"]
[PlyCount "55"]
[EventDate "2004.04.22"]
[EventType "swiss"]
[EventRounds "7"]
[EventCountry "ARG"]
[SourceTitle "CBM 100 Extra"]
[Source "ChessBase"]
[SourceDate "2004.07.06"]
[SourceVersion "2"]
[SourceVersionDate "2004.07.06"]
[SourceQuality "1"]

1. d4 Nf6 2. Nf3 e6 3. Bg5 Be7 4. Nbd2 0-0 5. e4 c5 6. dxc5 Qa5 7. Bd3 Qxc5 8. 0-0 d6 9. Qe2 Nc6 10. c3 Ne5 11. Nxe5 Qxe5 12. Nf3 Qc5 13. e5 dxe5 14. Nxe5 Nd7 15. Bxe7 Qxe7 16. Nxd7 Qxd7 17. Rad1 Qc7 18. Qe4 g6 19. Bb5 Rb8 20. Qd4 b6 21. Qd6 Rb7 22. Bc6 Qxd6 23. Rxd6 Rc7 24. Rfd1 Kg7 25. f4 Kf6 26. Kf2 Ba6 27. Ke3 Rfc8 28. Bf3 1/2-1/2

[Event "Chesspangenberg op 1st"]
[Site "Buenos Aires"]
[Date "2003.11.11"]
[Round "7"]
[White "Calderon Fernandez, Gervasio"]
[Black "Lo Presti, Roberto"]
[Result "1-0"]
[WhiteElo "2250"]
[BlackElo "2042"]
[PlyCount "91"]
[EventDate "2003.11.04"]
[EventType "swiss"]
[EventRounds "9"]
[EventCountry "ARG"]
[SourceTitle "EXT 2004"]
[Source "ChessBase"]
[SourceDate "2003.11.25"]
[SourceVersion "1"]
[SourceVersionDate "2003.11.25"]
[SourceQuality "1"]

1. d4 Nf6 2. Bg5 c5 3. d5 Qb6 4. Nc3 Qxb2 5. Bd2 Qb6 6. e4 d6 7. Be2 g6 8. g4 Bg7 9. g5 Nfd7 10. Rb1 Qd8 11. f4 a6 12. a4 e6 13. dxe6 fxe6 14. h4 b6 15. Bc4 Bb7 16. Bxe6 Nf8 17. Bd5 Nc6 18. h5 Qc7 19. h6 Bd4 20. Nce2 0-0-0 21. Nxd4 Nxd4 22. c3 Bxd5 23. exd5 Re8+ 24. Kf2 Nf5 25. c4 a5 26. Qb3 Nd7 27. Qb5 Re4 28. Nf3 Nd4 29. Qa6+ Qb7 30. Qxb7+ Kxb7 31. Rhe1 Rhe8 32. Nxd4 cxd4 33. Rxe4 Rxe4 34. Re1 Rxe1 35. Kxe1 Nf8 36. Bc1 Kc7 37. Bb2 Nd7 38. Bxd4 Kd8 39. f5 Nf8 40. Bg7 Ke8 41. fxg6 Nxg6 42. Bd4 Nf4 43. Kd2 Nh3 44. g6 Ng5 45. g7 Kf7 46. Bxb6 1-0

[Event "Buenos Aires VII Najdorf op"]
[Site "Buenos Aires"]
[Date "1995.??.??"]
[Round "8"]
[White "Reides, Marcelo"]
[Black "Calderon Fernandez, Gervasio"]
[Result "1-0"]
[WhiteElo "2325"]
[BlackElo "2090"]
[PlyCount "43"]
[EventDate "1995.??.??"]
[EventType "swiss"]
[EventRounds "9"]
[EventCountry "ARG"]
[SourceTitle "EXT 1997"]
[Source "ChessBase"]
[SourceDate "1996.11.15"]
[SourceVersion "1"]
[SourceVersionDate "1996.11.15"]
[SourceQuality "1"]

1. e4 c5 2. Nf3 d6 3. c3 Nf6 4. h3 g6 5. Bd3 Bg7 6. 0-0 0-0 7. Re1 Nc6 8. Bf1 Bd7 9. d4 e5 10. dxe5 dxe5 11. a4 Qc7 12. Na3 Nd8 13. Nb5 Bxb5 14. axb5 b6 15. Bc4 h6 16. Nh2 Nb7 17. Ng4 Nxe4 18. Rxe4 Nd6 19. Qe2 Rad8 20. Nxh6+ Bxh6 21. Bxh6 Rfe8 22. Rg4 1-0